Guess the Acronym - Statistics

General Stats
  • This quiz has been taken 22 times
  • The average score is 6 of 14
Answer Stats
Complete Name Acronym % Correct
TYFTTQ Thank You for Taking this Quiz
100%
MIA (NOT THE "RAPPER") Missing in Action
67%
ATV All terrain Vehicle
61%
FBI Federal Bureau of Investigation
61%
NATO North Atlantic Treaty Organization
61%
RBI Runs Batted In
44%
SWAT Special Weapons and Tactics
39%
DEA Drug Enforcement Agency
33%
NCAA National Collegiate Athletic Association
33%
IPO Initial Public Offering
28%
FDIC Federal Deposit Insurance Corporation
17%
LSD Lysergic Acid Diethylamide
17%
JSOC Joint Special Operations Command
11%
HTTR Hail to the Redskins
6%
No matching quizzes found
Score Distribution
Percent of People with Each Score
Percentile by Number Answered
Your Score History
You have not taken this quiz